000 00786nam a2200253Ia 4500
003 OSt
005 20220918184651.0
006 a|||||r|||| 00| 0
007 ta
008 220917b |||||||| |||| 00| 0 eng d
024 _a47,506
037 _cTextual
040 _aARTS
_cARTS
_beng
041 _2eng
_aeng
082 _aP, L21 (PD)
100 _aJankowsky Kurt R
_966286
245 0 _aNeogrammarians
_b a re-evaluation of their place in the development of linguistic science
260 _aHague
_bMouton
_c1972
300 _a275p.
_ccm.
490 _aJanua linguarum : Studia memoriae Nicolai Van Wijk dedicata , ed by C H Van Schooneveld; 116
650 _aLINGUISTICS
942 _hP, L21 (PD)
_cTEXL
_2CC
999 _c177354
_d177354